| 000 | 00772nam a2200205 a 4500 | ||
|---|---|---|---|
| 001 | 000028745 | ||
| 005 | 20260429123223.0 | ||
| 008 | 110412s2001 dr 000 0 spa d | ||
| 040 |
_aDO-SdBNP _bspa _cBNPHU |
||
| 082 |
_axxxx _bC748 |
||
| 111 | 2 |
_aConferencia del poder judicial _n(2a : _d2001, feb. : _cSanto Domingo) _955744 |
|
| 245 | 1 | 3 |
_aLa II conferencia del Poder Judicial : _bresultados de una consulta nacional. |
| 246 | 1 | 3 | _aLa segunda conferencia del Poder Judicial |
| 260 |
_aSanto Domingo : _bSuprema Corte de Justicia, _c2001. |
||
| 300 |
_a71 p. ; _c22 cm. |
||
| 650 | 2 | 0 |
_aParticipación política _9456 |
| 710 | 1 |
_aFundación Institucionalidad y Justicia _919649 |
|
| 710 | 1 |
_a United States. _b Agency for International Development _958056 |
|
| 049 | _aBNPD | ||
| 999 |
_c28237 _d28237 |
||